000 02105nab a2200265 i 4500
003 BR-BrBNA
005 20250512100401.0
008 250512b2017 bl.qr|pooa||| 00| 0 por |
040 _aBR-BrBNA
_bpor
072 _aF70
100 _aAlmeida, Thaís Elias
100 _aSousa, Daciele Conceição Sarmento
100 _aCosta, Elivelton Corrêa
100 _aSalino, Alexandre
245 _aFlora das cangas da Serra dos Carajás, Pará, Brasil: Polypodiaceae
500 _aPublicação on-line; 15 ref.; 4 illus.; Summaries (En, Pt)
520 _a Resumo Este estudo engloba os táxons de Polypodiaceae registrados nas cangas da Serra dos Carajás, no estado do Pará, trazendo descrições, ilustrações e comentários morfológicos. Foram registrados oito táxons para a área de estudo, distribuídos em seis gêneros: Campyloneurum centrobrasilianum, C. phyllitidis, Microgrammalycopodioides, M. persicariifolia, Pecluma plumula, Pleopeltis polypodioides var. burchellii, Phlebodium decumanum e Serpocaulon triseriale. Palavras-chave: Campyloneurum, FLONA Carajás, Microgramma, samambaias, taxonomia. Abstract This study addresses the Polypodiaceae reported on canga formations in Serra dos Carajás, Pará state, presenting descriptions, illustrations and morphological comments. Eight taxa were recorded in the study area, belonging to six genera: Campyloneurum centrobrasilianum, C. phyllitidis, Microgrammalycopodioides, M. persicariifolia, Pecluma plumula, Pleopeltis polypodioides var. burchellii, Phlebodium decumanum and Serpocaulon triseriale. Key words: Campyloneurum, FLONA Carajás, Microgramma, ferns, taxonomy.
650 _aCARAJÁS
650 _aSAMAMBAIA
650 _aTAXONOMIA
773 0 _0709
_9350025
_dRio de Janeiro-RJ Jardim Botanico do Rio de Janeiro 1935
_o2025-2634
_tRodriguésia (Brazil)
_x0370-6583; 2175-7860 on-line
_gv. 68(3 special number) p. 871-880; (2017)
_wBR2025000907
856 _uhttps://www.scielo.br/j/rod/a/YWkfzs6fzQSwpCkG7kXKJqD/?format=pdf&lang=pt
942 _cANA
999 _c331417
_d331417